MDQL
is popping MORE tags! Check the
thread
!
Quizzes
Events
Quiz Creation
Community
Videos
Private Events
Remove Ads
Sign In
Join for FREE
Feedback
Dark Mode
Quiz Categories
Sports
Geography
Music
Movies
Television
Just For Fun
Miscellaneous
History
Literature
Language
Science
Gaming
Entertainment
Religion
Holiday
For Kids
Quiz Lab
Recent
Popular Today
Quiz Kudos Today
Editor Picks
Curator Picks
Quizzes by...
Day
Popularity
Type
Ratings
Length
Year
Community
Subscriptions
Recent Discussions
Orange Saloon
Badges
Playlists
Quests
Create
Leaderboards
Showdown
Live 5
Trivia Bingo
Activity
Puzzle Library
Sporcle Events
Private Events
Virtual Trivia
Globe League
Become a Host
Pub Owners
SporcleCon
Opinionation
Our Games
Videos
Blog
Mobile Apps
Partnerships
Remove Ads and Go Orange
Feedback
Television
TV Characters
TV Show
Sitcom
Network
Friends
Reality Shows
Cast
South Park
Star Trek
The Simpsons
Doctor Who
Television
TV Characters
TV Show
Sitcom
Network
Friends
Reality Shows
Cast
South Park
Star Trek
The Simpsons
Doctor Who
Random Quiz
Search Sporcle
×
Quiz Lab
Quiz Lab
Television
Show
Type in answers that appear in a list
Type in answers that appear in a list
Classic
Best Score? Go Orange.
TV Couples Stats
Can you name the 25 Best 'Will They/ Won't They?' Couples?
By
lindzos
5m
26 Questions
789 Plays
789 Plays
789 Plays
Comments
Comments
Give Quiz Kudos
Give Quiz Kudos
-
- Ratings
hide this ad
Replay
Link that replays current quiz
Next Quiz
Link to next quiz in quiz playlist
You Got
0%
They Got
Avg Score
30%
Avg Friend Score
Upgrade to see
Score Distribution
Jump to the score distribution portion of the page
Score
0/26
Timer
05:00
0
Plays Today
Show
Couple
% Correct
Friends
Rachel Greene and Ross Gellar
80.5%
The Ofiice (US)
Jim Halpert and Pam Beesley
62.7%
Sex and the City
Carrie Bradshaw and Mr. Big
57.1%
The Muppet Show
Kermit and Miss Piggy
56.7%
Bones
Temperance Brennan and Seeley Booth
44.9%
Lost
Jack Shephard and Kate Austen
44.5%
Dawson's Creek
Joey Potter and Dawson Leery
44.5%
Scooby Doo
Fred Jones and Daphne Blake
43.8%
The X-
Files
Fox Mulder and Dana Scully
43.1%
Gossip Girl
Blair Waldorf and Chuck Bass
41.8%
Scrubs
John Michael 'J.D.' Dorian and Elliot Reid
40.9%
Cheers
Sam Malone and Diane Chambers
39.7%
Frasier
Daphne Moon and Niles Crane
36%
Show
Couple
% Correct
True Blood
Eric Northman and Sookie Stackhouse
29.3%
Chuck
Chuck Bartowski and Sarah Walker
26.9%
NCIS
Tony Dinozzo and Ziva David
19.2%
The Office (UK)
Tim Canterbury and Dawn Tinsley
13.7%
Gilligan's Island
Mary Ann and the Professor
13.6%
Arrested Development
George Michael Bluth and Mae 'Maeby' Funke
13.1%
The West Wing
Donna Moss and Josh Lyman
12.6%
My So-
Called Life
Angela Chase and Jordan Catalano
10.2%
Moonlighting
David Addison and Maddie Hayes
9%
Ed
Ed Stevens and Carol Vessey
8%
Northern Exposure
Maggie O'Connell and Joel Fleischman
2.5%
The Sopranos
Tony Soprano and Jennifer Melfi
2.4%
Buffy the Vampire Slayer
Joyce Summers and Rupert Giles
1.8%
Quiz Playlist
Details
Report
Send in Message
Add To Playlist
Classic:
Type in answers that appear in a list
Quiz Source
Last Updated: Feb 16, 2017
Quiz Scoreboard
CHALLENGE
Sign Up to Join the Scoreboard
Show All
Scores
Hide
Comments
May contain spoilers
Recently Published
1-10 Letter E Words III
by El_Dandy
Language
2m
Street Fighter Characters
by Artimus82
Gaming
60s
College Basketball Coaching Resumes
by pancakes188
Sports
9m
More to Explore
Quiz From the Vault
Featured Blog Post
Where Did the Easter Bunny Come From?
hide this ad
You Might Also Like...
Tags
Show Quiz
25 Best
couple
Wont
Today's Top Quizzes in Television
Browse Television
hide this ad
Today's Top Quizzes in Show
Browse Show
Top Contributed Quizzes in Television
1
Survivor Journey Challenge
2
Adjectives in 80s TV Shows
3
5-to-1: The Simpsons Families
4
Adjectives in 00s TV Shows
5
5-to-1: Television Doctors
6
Adjectives in 10s TV Shows
7
7-to-1: TV Show Settings
8
5-to-1: Streaming Originals
9
Adjectives in 70s TV Shows
10
Survivor Seasons
Explore More
Trending Topics
NBA
Harry Potter
Marvel
Kpop
Anime
Disney
Crossword
Soccer
Song
WWE
Pokémon
NFL
Puzzle
Country
The Office
hide this ad
More By:
lindzos
Quiz
Plays
Rating
Category
Featured
Created
Chuck Game
1,183
4.00
Television
Nov 5, 2009
TV on The Office
864
4.75
Television
Jul 25, 2012
TV Couples
789
2.18
Television
Oct 6, 2009
The Office: Yankee Swap
535
3.00
Television
Dec 8, 2009
Chuck Characters by Picture
359
5.00
Television
Apr 9, 2012
Go to Creator's Profile
Score Distribution
Quiz Creator Spotlight
lindzos
Follow
Send a Message
Quizzes Created
-
Created Quiz Play Count
-
More By This Creator
Popular Quizzes Today
1
Find the US States - No Outlines Minefield
2
Find the Countries of Europe - No Outlines Minefield
3
The Countries of the World
4
Find the US States
5
Risky Map Clicking: Biggest States A-Z
6
US States
7
Popular People in 1961
8
Movies - When Are They Set?
More Television Quizzes
SNL - NFL Impressions
Editor's Pick
Trending Quizzes
Risky Map Clicking: Least Populous States A-Z
Billboard Blitz: Aretha Franklin
Famous Russians: Author or Composer?
1-10 Letter G Words
Countries of the World: 200 Million BC
Recently Updated
Leaping Animals
pecheneg
Reality TV Shows (A-Z)
bhenderson79
Rickey Henderson's Hall of Fame Teammates
pecheneg
Champions League XIs: Arsenal
pecheneg
Quick Pick: Celebrities in WWE's Hall of Fame
aduchscher
A-Z Keypad Blitz II
pecheneg
Multiple Oscar Actors
pecheneg
Mystery Phrase Blitz: Oscar 'Best Actors'
pecheneg
F. Scott Fitzgerald Novels
LTH
Pick 3 Villains
ddd62291
Trending Topics
Marvel
Crossword
Disney
NBA
Anime
Harry Potter
Kpop
Soccer
Song
Puzzle
The Office
Country
NFL
Pokémon
WWE
Your Account Isn't Verified!
In order to create a playlist on Sporcle, you need to verify the email address you used during registration. Go to your
Sporcle Settings
to finish the process.
Report this User
Report this user for behavior that violates our
Community Guidelines
.
Details:
Send Report
Go to the Sporcle.com Mobile Site →
Comments